00000000nam##2200000za#4500
0019.663430
003CaOODSP
00520210615121033
007ta
008150407|2001||||xxc|||||     f|0| 0 fre|d
020 |a0-662-66267-9
040 |aCaOODSP|bfre
041 |aeng
041 |afre
043 |an-cn---
0861 |aF2-164/2001
1101 |aCanada. |bMinistère des finances.
24510|aAvis de motion de voies et moyens en vue du dépôt d'une loi visant la taxation des spiritueux, du vin et du tabac et en vue de mettre en oeuvre des taxes sur le tabac et des modifications au traitement des provisions de bord / |cPublié par le ministre du Revenu national.
260 |aOttawa - Ontario : |bFinances Canada |c2001.
300 |axiii, 251p. : |btableaux ; |c28 cm.
546 |aBilingue
563 |aCouverture souple
590 |a02-02|b2002-01-11
69107|aAvis public|2gcpds
69107|aConsommation d'alcool|2gcpds
69107|aImportation|2gcpds
69107|aLégislation|2gcpds
69107|aTaxe|2gcpds
7760#|tAvis de motion de voies et moyens en vue du dépôt d'une loi visant la taxation des spiritueux, du vin et du tabac et en vue de mettre en oeuvre des taxes sur le tabac et des modifications au traitement des provisions de bord |w(CaOODSP)9.640580
7760#|tNotice of ways and means motion to introduce an Act respecting the taxation of spirits, wine and tobacco and to implement increases in tobacco taxes and changes to the treatment of ships' stores |w(CaOODSP)9.696465
791 |tNotice of ways and means motion to introduce an Act respecting the taxation of spirits, wine and tobacco and to implement increases in tobacco taxes and changes to the treatment of ships' stores / |eeng|w(CaOODSP)9.663429